| 000 | 00413nam a22001697a 4500 | ||
|---|---|---|---|
| 005 | 20180227170904.0 | ||
| 008 | 160611b xxu||||| |||| 00| 0 eng d | ||
| 020 | _a0-7069-8942-2 | ||
| 041 | _aeng | ||
| 082 |
_b6982 _a332 |
||
| 100 |
_aVeema, M.L. _91721 |
||
| 245 | _aInternational Trade. | ||
| 260 |
_aNew Delhi _bVikas Publishing House (P) Ltd. |
||
| 300 | _a277 | ||
| 650 |
_aManagement _9241 |
||
| 942 | _cBK | ||
| 999 |
_c2429 _d2428 |
||